Использование OPEN XML для формирования клинических документов в формате HL7 CDA; Экономика, статистика и информатика. Вестник УМО; № 3
| Parent link: | Экономика, статистика и информатика. Вестник УМО.— , 2004- № 3.— 2010.— [С. 147-152] |
|---|---|
| Autor principal: | |
| Altres autors: | |
| Sumari: | Заглавие с экрана Предложен новый метод внесения информации о пациенте в центральную систему с использованием шаблонов, имеющих формат Open XML. Описано применение медицинского стандарта HL7 CDA для задач создания клинических документов и средств электронной цифровой подписи, пригодных для использования в едином информационном пространстве. Приведены практические рекомендации по использованию языков C# и ASP.NET для решения указанных зада The purpose of this research is to offer an efficient method of entering information about a patient in a central system using the document templates that have formats Office Open XML. It is introduced the conceptual of using the medical standard HL7 CDA and the electronic digital signature in order to implement clinical tasks of the central information system. Also this article gives a practical advice on the use of languages C # and ASP. NET to solve the specified problems Режим доступа: по договору с организацией-держателем ресурса |
| Idioma: | rus |
| Publicat: |
2010
|
| Matèries: | |
| Accés en línia: | http://elibrary.ru/item.asp?id=15255665 |
| Format: | MixedMaterials Electrònic Capítol de llibre |
| KOHA link: | https://koha.lib.tpu.ru/cgi-bin/koha/opac-detail.pl?biblionumber=637324 |
MARC
| LEADER | 00000nla0a2200000 4500 | ||
|---|---|---|---|
| 001 | 637324 | ||
| 005 | 20250418090020.0 | ||
| 035 | |a (RuTPU)RU\TPU\network\1425 | ||
| 035 | |a RU\TPU\network\475 | ||
| 090 | |a 637324 | ||
| 100 | |a 20140707d2010 k||y0rusy50 ca | ||
| 101 | 0 | |a rus | |
| 102 | |a RU | ||
| 135 | |a drcn ---uucaa | ||
| 181 | 0 | |a i | |
| 182 | 0 | |a b | |
| 200 | 1 | |a Использование OPEN XML для формирования клинических документов в формате HL7 CDA |f Тап Ван Фам, А. А. Пономарев | |
| 203 | |a Текст |c электронный | ||
| 300 | |a Заглавие с экрана | ||
| 320 | |a [Библиогр.: с. 152 (9 назв.)] | ||
| 330 | |a Предложен новый метод внесения информации о пациенте в центральную систему с использованием шаблонов, имеющих формат Open XML. Описано применение медицинского стандарта HL7 CDA для задач создания клинических документов и средств электронной цифровой подписи, пригодных для использования в едином информационном пространстве. Приведены практические рекомендации по использованию языков C# и ASP.NET для решения указанных зада | ||
| 330 | |a The purpose of this research is to offer an efficient method of entering information about a patient in a central system using the document templates that have formats Office Open XML. It is introduced the conceptual of using the medical standard HL7 CDA and the electronic digital signature in order to implement clinical tasks of the central information system. Also this article gives a practical advice on the use of languages C # and ASP. NET to solve the specified problems | ||
| 333 | |a Режим доступа: по договору с организацией-держателем ресурса | ||
| 461 | |t Экономика, статистика и информатика. Вестник УМО |d 2004- | ||
| 463 | |t № 3 |v [С. 147-152] |d 2010 | ||
| 610 | 1 | |a электронный ресурс | |
| 610 | 1 | |a труды учёных ТПУ | |
| 610 | 1 | |a электронные клинические документы | |
| 610 | 1 | |a цифровые подписи | |
| 610 | 1 | |a медицинский стандарт HL7 CDA | |
| 610 | 1 | |a базы данных | |
| 610 | 1 | |a данные | |
| 610 | 1 | |a управление | |
| 610 | 1 | |a медицинские информационные системы | |
| 700 | 1 | |a Тап Ван Фам | |
| 701 | 1 | |a Пономарев |b А. А. |c специалист в области информатики и вычислительной техники |c доцент Томского политехнического университета, кандидат технических наук |f 1979- |g Алексей Анатольевич |3 (RuTPU)RU\TPU\pers\25944 |9 11794 | |
| 801 | 2 | |a RU |b 63413507 |c 20140707 |g RCR | |
| 850 | |a 63413507 | ||
| 856 | 4 | |u http://elibrary.ru/item.asp?id=15255665 | |
| 942 | |c CF | ||